000 00288nam a2200121Ia 4500
008 240624s9999 xx 000 0 und d
041 _aeng
082 _a823 ORW
100 _aORWELL GEORGE
245 _aANIMAL FARM
260 _c2017
_aNew Delhi
_bLittle Scholarz Pvt. Ltd
365 _cRS
999 _c30254
_d30254